Największe Stany USA - Statystyki

Ogólne statystyki
  • Ten quiz został rozwiązany 255 razy
  • Średni wynik to 7 z 10
Statystyki odpowiedzi
Kilometry kwadratowe Stan % Poprawnych
695 621 Teksas
96%
1 717 854 Alaska
92%
423 970 Kalifornia
92%
314 917 Nowy Meksyk
75%
293 254 Arizona
74%
380 838 Montana
68%
286 351 Nevada
64%
254 805 Oregon
63%
269 601 Kolorado
61%
253 336 Wyoming
52%
Nie znaleziono quizów pasujących do podanych kryteriów
Rozkład punktacji
Procent ludzi z każdym wynikiem
Percentyl według liczby udzielonych odpowiedzi
Twoja historia wyników
Nie rozwiązałeś tego quizu